000 00700nam a22002057a 4500
005 20100814120216.0
010 _aENG-100289
020 _c50.00
035 _aEN-83821
037 _bDBAD/PUB
082 _a632.952
100 _aSankaran,B
_913208
245 _aAn Intoduction on fungal endophytes /
_cby B Sankaran
260 _aChennai
_bToday Publications
_c2007
270 _a192 Bells Road
_bChennai
_e600005
300 _a72p
_c19cm(pbk)
500 _aincludes references
942 _2ddc
_cEN
_h632.952
_mB Sankaran
999 _c41840
_d41840